<?xml version="1.0" encoding="UTF-8"?><?xml-stylesheet type="text/xsl" href="static/style.xsl"?><OAI-PMH xmlns="http://www.openarchives.org/OAI/2.0/" xmlns:xsi="http://www.w3.org/2001/XMLSchema-instance" xsi:schemaLocation="http://www.openarchives.org/OAI/2.0/ http://www.openarchives.org/OAI/2.0/OAI-PMH.xsd"><responseDate>2026-04-17T14:38:00Z</responseDate><request verb="GetRecord" identifier="oai:www.recercat.cat:10459.1/58034" metadataPrefix="marc">https://recercat.cat/oai/request</request><GetRecord><record><header><identifier>oai:recercat.cat:10459.1/58034</identifier><datestamp>2024-12-05T22:21:54Z</datestamp><setSpec>com_2072_3622</setSpec><setSpec>col_2072_479130</setSpec></header><metadata><record xmlns="http://www.loc.gov/MARC21/slim" xmlns:dcterms="http://purl.org/dc/terms/" xmlns:xsi="http://www.w3.org/2001/XMLSchema-instance" xmlns:doc="http://www.lyncode.com/xoai" xsi:schemaLocation="http://www.loc.gov/MARC21/slim http://www.loc.gov/standards/marcxml/schema/MARC21slim.xsd">
   <leader>00925njm 22002777a 4500</leader>
   <datafield ind2=" " ind1=" " tag="042">
      <subfield code="a">dc</subfield>
   </datafield>
   <datafield ind2=" " ind1=" " tag="720">
      <subfield code="a">Pelegrí Viaña, Xavier</subfield>
      <subfield code="e">author</subfield>
   </datafield>
   <datafield ind2=" " ind1=" " tag="260">
      <subfield code="c">2016-10-25T17:33:48Z</subfield>
   </datafield>
   <datafield ind2=" " ind1=" " tag="260">
      <subfield code="c">2016-10-25T17:33:48Z</subfield>
   </datafield>
   <datafield ind2=" " ind1=" " tag="260">
      <subfield code="c">2016-09-29</subfield>
   </datafield>
   <datafield ind2=" " ind1=" " tag="260">
      <subfield code="c">2016-10-25T17:33:48Z</subfield>
   </datafield>
   <datafield ind2=" " ind1=" " tag="520">
      <subfield code="a">En la investigación 'Familias y escuelas. Discursos y prácticas cotidianas sobre la participación en la educación obligatoria', realizada en las Comunidades autónomas de Aragón, Baleares, La Rioja y Cataluña, se contó con las aportaciones de algunos inspectores de centros educativos. La figura del inspector o inspectora, tiene una particular idiosincrasia al ser, por una parte, un experto en el sistema educativo no involucrado en la dinámica ordinaria de la escuela y, por otra, representar un papel jerárquico y de control con especial influencia en la mejora de los aspectos de calidad educativa. En este artículo, pues, se analizarán los aspectos más importantes que aportaron dichos agentes del sistema educativo respecto a la importancia que ellos otorgan a la participación de las familias en los centros escolares, tratando de subrayar su particular visión y consideraciones al respecto, desde su posición privilegiada. Abstract In the research 'Families and schools. Speeches and daily practices on participation in compulsory education 'held in the autonomous regions of Aragon, the Balearic Islands, La Rioja and Catalonia, counted on the contributions of some inspectors of schools. The figure of the inspector has a particular idiosyncrasy to be, on the one hand, an expert in the education system is not involved in the ordinary dynamics of the school and, on the other, represent a hierarchical and control paper with special influence on the improving aspects of educational quality. This article, therefore, the most important aspects that provided such agents of the educational system regarding the importance they attach to the participation of families in schools, trying to highlight their particular view and considerations in this regard, will be analyzed from privileged position.</subfield>
   </datafield>
   <datafield ind1="8" ind2=" " tag="024">
      <subfield code="a">http://hdl.handle.net/10459.1/58034</subfield>
   </datafield>
   <datafield tag="653" ind2=" " ind1=" ">
      <subfield code="a">Participación de la familia en la educación</subfield>
   </datafield>
   <datafield tag="653" ind2=" " ind1=" ">
      <subfield code="a">inspectores</subfield>
   </datafield>
   <datafield tag="653" ind2=" " ind1=" ">
      <subfield code="a">Sociología de las Organizaciones. Sistema Educativo</subfield>
   </datafield>
   <datafield tag="653" ind2=" " ind1=" ">
      <subfield code="a">Relacions família-escola</subfield>
   </datafield>
   <datafield tag="653" ind2=" " ind1=" ">
      <subfield code="a">Sociologia de l'educació</subfield>
   </datafield>
   <datafield tag="653" ind2=" " ind1=" ">
      <subfield code="a">Sistema educatiu</subfield>
   </datafield>
   <datafield tag="653" ind2=" " ind1=" ">
      <subfield code="a">Home-school relationships</subfield>
   </datafield>
   <datafield tag="653" ind2=" " ind1=" ">
      <subfield code="a">Educational sociology</subfield>
   </datafield>
   <datafield tag="653" ind2=" " ind1=" ">
      <subfield code="a">Instructional systems</subfield>
   </datafield>
   <datafield ind2="0" ind1="0" tag="245">
      <subfield code="a">La participación en la escuela vista por los inspectores</subfield>
   </datafield>
</record></metadata></record></GetRecord></OAI-PMH>